Największe miasta Francji - Statystyki

Ogólne statystyki
  • Ten quiz został rozwiązany 20 razy
  • Średni wynik to 8 z 10
Statystyki odpowiedzi
Populacja Odpowiedź % Poprawnych
863 310 Marsylia
100%
2 187 526 Paryż
100%
516 092 Lyon
95%
340 017 Nicea
90%
254 436 Bordeaux
85%
280 966 Strasburg
85%
479 553 Tuluza
70%
309 346 Nantes
55%
285 121 Montpellier
50%
232 787 Rennes
40%
Nie znaleziono quizów pasujących do podanych kryteriów
Rozkład punktacji
Procent ludzi z każdym wynikiem
Percentyl według liczby udzielonych odpowiedzi
Twoja historia wyników
Nie rozwiązałeś tego quizu